La memoria femenina: desde la disidencia sexual /

محفوظ في:
التفاصيل البيبلوغرافية
المؤلف الرئيسي: Rivera Gómez, Elva
مؤلفون آخرون: Tirado Villegas, Gloria A., Olea Montalvo, Patricia
التنسيق: نص
الوسوم: إضافة وسم
لا توجد وسوم, كن أول من يضع وسما على هذه التسجيلة!

MARC

LEADER 00000 a a2200000 04500
001 48717
003
040
100 |a Rivera Gómez, Elva  
245 |a La memoria femenina:   |b desde la disidencia sexual /  |c Elva Rivera Gómez, Gloria A. Tirado Villegas, Patricia Olea Montalvo  
700 |a Tirado Villegas, Gloria A.  
700 |a Olea Montalvo, Patricia  
773 |a volumen11, número2, (2014), páginas 47-65  
999 |c 24708  |d 24708